| Поле | Инд. | ПП | Название | Значение |
|---|---|---|---|---|
| Тип записи | a | |||
| Библиографический уровень | a | |||
| 001 | Контрольный номер | 54ff6c0ba95f4321b1c11df3e22da910 | ||
| 005 | Дата корректировки | 20200407131657.5 | ||
| 100 | a | Данные общей обработки | 20181031 ||| 0rusy0189 ca | |
| 101 | 0_ | a | Язык текста | rus |
| 102 | a | Страна публикации | RU | |
| 200 | 1_ | f | Первые сведения об ответственности | И.Н. Смирнова, Д.Н. Матвеев |
| a | Заглавие | Организация межведомственного взаимодействия в сфере контроля за несовершеннолетними осужденными без изоляции от общества | ||
| b | Общее обозначение материала | Текст | ||
| 210 | d | Дата издания | 2017 | |
| 461 | _0 | 1 | 2000 | |
| a | Закон и право | |||
| 463 | _0 | 1 | 2000 | |
| a | №2 | |||
| v | С. 76-78 | |||
| 1 | 2101 | |||
| d | 2017 | |||
| 1 | 00105c0860a0c134e718e9ded8517e910f9 | |||
| 606 | a | Основная рубрика | Право. Юридические науки | |
| x | Основная подрубрика | Уголовное право | ||
| 610 | 0_ | a | Ключевые слова | УГОЛОВНО-ИСПОЛНИТЕЛЬНАЯ СИСТЕМА |
| a | Ключевые слова | УГОЛОВНО-ИСПОЛНИТЕЛЬНОЕ ПРАВО | ||
| a | Ключевые слова | НЕСОВЕРШЕННОЛЕТНИЕ | ||
| a | Ключевые слова | ПРЕСТУПЛЕНИЕ ПРОФИЛАКТИКА | ||
| a | Ключевые слова | ПРАВООХРАНИТЕЛЬНЫЕ ОРГАНЫ | ||
| 700 | _1 | a | Фамилия | Смирнова |
| b | Имя | И.Н. | ||
| 701 | _1 | a | Фамилия | Матвеев |
| b | Имя | Д.Н. | ||
| 801 | _0 | a | Страна | RU |
| b | Организация | РГУП | ||
| c | Дата составления | 20181031 | ||
| g | Правила каталогизации | PSBO | ||
| 801 | _1 | a | Страна | RU |
| b | Организация | РГУП | ||
| c | Дата составления | 20181031 | ||
| g | Правила каталогизации | PSBO | ||
| 901 | t | Тип документа | b | |
| w | Контрольный № источника | 05c0860a0c134e718e9ded8517e910f9 | ||
| 905 | a | Дата ввода | 20181031 |